00394nam a2200133Ia 4500003000400000005001700004008004100021040001800062041000800080100003800088110001200126245010200138260002000240OSt20230530135236.0211028s2007 xx 000 0 und d cAIMIT LIBRARY aeng aThomas, Jibin; Deborah.g50971400 aDeborah aInsilico analysis and characteization of human VEGFA and studying its phylogenetic relationship. aMangalorec2007